00432nam a2200145Ia 4500008004100000041000800041082001200049100001700061245000900078260002900087300002400116365001100140999001700151952011800168240624s9999 xx 000 0 und d aeng a823 GRE aGRECIAN ALEX aYARD c2012aNew DelhibPenguin a530 : p. : cm. ; 23 cRSb25 c20037d20037 00104070aIMTNbIMTNcRack 40-Bd2012-10-03eAPg499.00o823 GREp20037r2024-06-24 00:00:00t1w2024-06-24yBK